Remède sans remèdes. Entre rationalisme et irrationalisme (notice n° 1605652)
[ vue normale ]
| 000 -LEADER | |
|---|---|
| fixed length control field | 01337cam a2200181 4500500 |
| 005 - DATE AND TIME OF LATEST TRANSACTION | |
| control field | 20251228095136.0 |
| 041 ## - LANGUAGE CODE | |
| Language code of text/sound track or separate title | fre |
| 042 ## - AUTHENTICATION CODE | |
| Authentication code | dc |
| 100 10 - MAIN ENTRY--PERSONAL NAME | |
| Personal name | Samama, Guy |
| Relator term | author |
| 245 00 - TITLE STATEMENT | |
| Title | Remède sans remèdes. Entre rationalisme et irrationalisme |
| 260 ## - PUBLICATION, DISTRIBUTION, ETC. | |
| Date of publication, distribution, etc. | 2022.<br/> |
| 500 ## - GENERAL NOTE | |
| General note | 16 |
| 520 ## - SUMMARY, ETC. | |
| Summary, etc. | Le remède est sans doute en grande partie une sorte de néant ontologique, c’est-à-dire un produit de l’imagination, de la croyance ou de l’autosuggestion, autant de termes différents pour désigner une même irréalité. S’y profile en filigrane la question de la rationalité de la médecine. |
| 520 ## - SUMMARY, ETC. | |
| Summary, etc. | In the main, remedies are probably a form of ontological nothingness, i.e. the fruit of imagination, belief or autosuggestion – these terms all pointing to the same lack of reality. This implicitely raises the question of how rational medicine really is. |
| 520 ## - SUMMARY, ETC. | |
| Summary, etc. | O remédio é sem dúvida, em larga medida, uma espécie de nada ontológico, ou seja, um produto da imaginação, da crença ou da autossugestão : termos que apontam para uma mesma irrealidade e dos quais sobressai, em filigrana, o problema da racionalidade da medicina. |
| 786 0# - DATA SOURCE ENTRY | |
| Note | Sigila | 49 | 1 | 2022-07-04 | p. 23-34 | 1286-1715 |
| 856 41 - ELECTRONIC LOCATION AND ACCESS | |
| Uniform Resource Identifier | <a href="https://shs.cairn.info/revue-sigila-2022-1-page-23?lang=fr&redirect-ssocas=7080">https://shs.cairn.info/revue-sigila-2022-1-page-23?lang=fr&redirect-ssocas=7080</a> |
Pas d'exemplaire disponible.




Réseaux sociaux